000 00721nam a2200229Ia 4500
003 OSt
005 20220928133202.0
006 a|||||r|||| 00| 0
007 ta
008 220927b |||||||| |||| 00| 0 hin d
024 _a30485
037 _cReference Collections
040 _aSDCL
_cSDCL
_bhin
041 _2hin
_ahin
082 _aP4437k, 152L7.1 RR
100 _aSakriya Badri Prasad Ed.
_9484675
245 0 _aRajasthani-Hindi shabd kosh.
260 _aJaipur
_bPanchsheel Prakashan
_c1977
700 _a Sakriya Bhupati Ram Ed.
_9484676
942 _hP4437k, 152L7.1 RR
_cREF
_2CC
999 _c798222
_d798222